000 00519nam a2200181Ia 4500
001 16884
005 20260306170344.0
008 260306t2000||||xx |||||||||||||| ||und||
041 _aESP
082 _a657.3
_bCH523
100 _aChapi Choque, Pedro Pablo
_eAUT
245 0 _aContabilidad general y los estados financieros:
_benfoque doctrinario, legal y tributario teoría y casos prácticos
260 _c2000
300 _a579 páginas :
_c21cm.
650 _aGEN
654 _aCCO
942 _cLIB
_dJUS
_fJUS
_2ddc
_n
999 _c16884
_d16884